Каталог коллекций эпохи раннего средневековья археологических фондов Института этнологических исследований им. Р.Г. Кузеева Уфимского научного центра РАН (Музей археологии и этнографии) (Запись № 11149882)

Подробности
000 -МАРКЕР
контрольное поле 02046nam1a2200253 i 4500
001 - ИДЕНТИФИКАТОР ЗАПИСИ
контрольное поле RU\NLR\BIBL_A\011951264
005 - ИДЕНТИФИКАТОР ВЕРСИИ
контрольное поле 20260407225042.0
035 ## - ДРУГИЕ СИСТЕМНЫЕ НОМЕРА
Идентификатор записи (NLR Aleph) 011951264
100 ## - ДАННЫЕ ОБЩЕЙ ОБРАБОТКИ
Данные общей обработки 20190215g20179999u y0rusy50 ca
101 0# - ЯЗЫК РЕСУРСА
Язык текста, звукозаписи и т.д. русский
102 ## - СТРАНА ПУБЛИКАЦИИ ИЛИ ПРОИЗВОДСТВА
Страна публикации Российская Федерация
105 ## - ПОЛЕ КОДИРОВАННЫХ ДАННЫХ: ТЕКСТОВЫЕ МАТЕРИАЛЫ, МОНОГРАФИЧЕСКИЕ
Кодированные данные о монографическом текстовом документе | z |||||
200 1# - ЗАГЛАВИЕ И СВЕДЕНИЯ ОБ ОТВЕТСТВЕННОСТИ
Основное заглавие Каталог коллекций эпохи раннего средневековья археологических фондов Института этнологических исследований им. Р.Г. Кузеева Уфимского научного центра РАН (Музей археологии и этнографии)
Наименование части Бахмутинская культура
Первые сведения об ответственности Федеральное государственное бюджетное учреждение науки Институт этнологических исследований им. Р.Г. Кузеева Уфимского научного центра Российской академии наук
Последующие сведения об ответственности [составители к.и.н. Э.В. Камалеев, А.Г. Колонских
-- ответственный редактор к.и.н. Э.В. Камалеев]
210 ## - ПУБЛИКАЦИЯ, РАСПРОСТРАНЕНИЕ И ДР.
Место издания, распространения и т.д. Уфа
Имя издателя, распространителя и т. д. Диалог
-- Институт этнологических исследований им. Р.Г. Кузеева Уфимского научного центра Российской академии наук
Дата издания, распространения и т.д. 2017
215 ## - ФИЗИЧЕСКАЯ ХАРАКТЕРИСТИКА
Размеры 20
601 02 - НАИМЕНОВАНИЕ ОРГАНИЗАЦИИ КАК ПРЕДМЕТ
Начальный элемент ввода Институт этнологичеких исследований
Структурное подразделение организации Музей археологии и этнографии
Идентифицирующий признак Уфа, город; Башкирия
Тематический подзаголовок Археологические фонды
Системный номер авторитетной/нормативной записи 2618361
Идентификатор авторитетной/нормативной записи RU\NLR\AUTH\661554921
686 1# - ИНДЕКСЫ ДРУГИХ КЛАССИФИКАЦИЙ
Индекс Т4е(2)л22л61
702 #1 - ИМЯ ЛИЦА - ВТОРИЧНАЯ ОТВЕТСТВЕННОСТЬ
Начальный элемент ввода Камалеев
Часть имени, кроме начального элемента ввода Э. В.
Расширение инициалов личного имени Эльвир Винерович
Код отношения Составитель
711 02 - НАИМЕНОВАНИЕ ОРГАНИЗАЦИИ - АЛЬТЕРНАТИВНАЯ ОТВЕТСТВЕННОСТЬ
Начальный элемент ввода Институт этнологических исследований им. Р. Г. Кузеева
Идентифицирующий признак Уфа
Идентификатор авторитетной/нормативной записи RU\NLR\AUTH\8810153562
Системный номер авторитетной/нормативной записи 802250
852 ## - МЕСТОНАХОЖДЕНИЕ И ШИФР ХРАНЕНИЯ
Идентификатор организации NLR
Шифр хранения (Call Number) 2019-3/4262
942 ## - ДОПОЛНИТЕЛЬНЫЕ ЭЛЕМЕНТЫ ЗАПИСИ (АБИС)
Тип экземпляра АБИС Книга

Нет доступных экземпляров.